| 000 | 00790nam a22002417a 4500 | ||
|---|---|---|---|
| 005 | 20170124110004.0 | ||
| 010 | _aA-840263 | ||
| 020 |
_c00.00 _a8173911991 |
||
| 035 | _aA-840263 | ||
| 037 | _bCen Lib/Ret | ||
| 040 |
_aDPL _bEN |
||
| 082 |
_a351.00313 _bBAK |
||
| 100 |
_aBakshi, S. R. _91667 |
||
| 245 |
_aI.K. Gujral : _cby S.R. Bakshi [and] Sita Ram Vashist _bthe progresive prime minister / |
||
| 260 |
_aNew Delhi _bKanishka Publishers _c1997 |
||
| 270 |
_bNew Delhi _a4697/5-21, Ansari Road, Dariya Ganj _e110002 |
||
| 300 |
_avi, 280p. _c21cm(Hb) |
||
| 500 | _aIncludes index | ||
| 650 |
_aPolitical science _986548 |
||
| 650 |
_aParliamentary leader _xI.K. Gujral _916426 |
||
| 700 |
_aVashist, Sita Ram _916427 |
||
| 942 |
_2ddc _cEN _h351.00313 _mBAK |
||
| 999 |
_c126049 _d126049 |
||